Do you know the Greggs Menu? - Statistics

General Stats
  • This quiz has been taken 18 times
  • The average score is 9 of 16
Answer Stats
Picture Answer % Correct
Sausage Roll
100%
BLT Sandwich
69%
Gingerbread Man
69%
Bacon Breakfast Roll
62%
Ham & Cheese Baguette
62%
Sausage Breakfast Baguette
62%
Yum Yum
62%
Katsu Chicken Bake
54%
Margherita Pizza
54%
Cheese & Onion Bake
46%
Southern Fried Potato Wedges
46%
Triple Chocolate Doughnut
46%
Tuna Crunch Roll
46%
Bacon & Cheese Wrap
38%
Regular Cappuccino
38%
Ham and Mature Cheddar Cheese Toastie
8%
No matching quizzes found
Score Distribution
Percent of People with Each Score
Percentile by Number Answered
Your Score History
You have not taken this quiz